[Event "Krapina op 7th"]
[Site "Krapina"]
[Date "2017.01.13"]
[Round "2.9"]
[White "Trsinski, Stjepan"]
[Black "Klement, Dubravko"]
[Result "0-1"]
[WhiteElo "1824"]
[BlackElo "1919"]
[PlyCount "102"]
[EventDate "2017.01.12"]
[EventType "swiss"]
[EventRounds "7"]
[EventCountry "CRO"]
[Source "Mirjana Medic"]
[SourceDate "2017.01.13"]

1. Nf3 c5 2. g3 e6 3. Bg2 Nf6 4. O-O Be7 5. e3 O-O 6. d4 d5 7. Nbd2 b6 8. dxc5
bxc5 9. Ne5 Bb7 10. Ndf3 Nc6 11. c3 Qc7 12. Nxc6 Bxc6 13. Qc2 Rab8 14. Re1 h6
15. Bd2 Nd7 16. h3 e5 17. Nh2 e4 18. Red1 Ne5 19. Be1 Rfd8 20. a4 a5 21. f3 Nd3
22. fxe4 dxe4 23. Rab1 Nxe1 24. Rxe1 Qxg3 25. Nf1 Qg6 26. Nd2 f5 27. Nc4 Bd5
28. Nxa5 Qa6 29. c4 Qxa5 30. cxd5 Rxd5 31. Bf1 Kh7 32. Re2 Bg5 33. Qc4 Qd8 34.
a5 Rb4 35. Qa2 c4 36. Ra1 Rd2 37. Rg2 Bxe3+ 38. Kh1 Rxg2 39. Bxg2 Qd2 40. Rb1
Ba7 41. Qa1 Qd4 42. a6 Qb6 43. Qa3 Rb3 44. Qf8 Rb5 45. Qa3 Ra5 46. Qc3 Qxa6 47.
Bf1 Rc5 48. b4 Rc8 49. b5 Qa2 50. Ra1 Qf2 51. Bg2 Qd4 0-1

[Event "Krapina op 7th"]
[Site "Krapina"]
[Date "2017.01.13"]
[Round "2.11"]
[White "Vincelj, Leopold"]
[Black "Svrtan, Zlatko"]
[Result "0-1"]
[WhiteElo "1642"]
[BlackElo "2088"]
[PlyCount "62"]
[EventDate "2017.01.12"]
[EventType "swiss"]
[EventRounds "7"]
[EventCountry "CRO"]
[Source "Mirjana Medic"]
[SourceDate "2017.01.13"]

1. e4 c5 2. c4 Nc6 3. Nc3 g6 4. Nf3 Bg7 5. Be2 Nf6 6. d3 O-O 7. Bg5 d6 8. h3
Nd7 9. Qd2 Nde5 10. Nxe5 Bxe5 11. O-O f5 12. f3 Rf7 13. Bh4 Qf8 14. Nd5 e6 15.
Nc3 Qg7 16. Rab1 Bd7 17. Bf2 f4 18. Bd1 g5 19. Nb5 a6 20. Nc3 Rb8 21. Ne2 b5
22. Bb3 h5 23. Rfd1 g4 24. fxg4 hxg4 25. h4 g3 26. Bxg3 fxg3 27. Qg5 Qxg5 28.
hxg5 Nd4 29. Nc3 b4 30. Rf1 bxc3 31. Rxf7 Kxf7 0-1

[Event "Krapina op 7th"]
[Site "Krapina"]
[Date "2017.01.13"]
[Round "2.12"]
[White "Grmovsek, Mihael"]
[Black "Lescan, Marijan"]
[Result "1-0"]
[WhiteElo "1626"]
[BlackElo "1818"]
[PlyCount "45"]
[EventDate "2017.01.12"]
[EventType "swiss"]
[EventRounds "7"]
[EventCountry "CRO"]
[Source "Mirjana Medic"]
[SourceDate "2017.01.13"]

1. e4 e6 2. Nc3 d5 3. exd5 exd5 4. d4 c6 5. h3 Bf5 6. Nf3 h6 7. Bf4 Nf6 8. Bd3
Bxd3 9. Qxd3 Be7 10. O-O O-O 11. a3 a5 12. Rfe1 Bd6 13. Ne5 Qc7 14. Qd2 Nh7 15.
Re2 f6 16. Ng6 Bxf4 17. Nxf4 Qc8 18. Ng6 Rf7 19. Ne7+ Rxe7 20. Rxe7 Nd7 21.
Rae1 Ndf8 22. Qe2 Qc7 23. Qh5 1-0

[Event "Krapina op 7th"]
[Site "Krapina"]
[Date "2017.01.13"]
[Round "2.13"]
[White "Oreski, Zdravko"]
[Black "Kralj, Kresimir"]
[Result "0-1"]
[WhiteElo "1527"]
[BlackElo "1749"]
[PlyCount "89"]
[EventDate "2017.01.12"]
[EventType "swiss"]
[EventRounds "7"]
[EventCountry "CRO"]
[Source "Mirjana Medic"]
[SourceDate "2017.01.13"]

1. d4 d5 2. c4 dxc4 3. e3 Bf5 4. Bxc4 e6 5. Nc3 Bb4 6. Nf3 Bxc3+ 7. bxc3 h6 8.
O-O Nf6 9. Ba3 c6 10. Re1 Ne4 11. Rc1 b5 12. Bd3 a5 13. Qc2 Nd6 14. Bxd6 Bxd3
15. Qxd3 Qxd6 16. e4 O-O 17. Red1 Nd7 18. h3 Rfd8 19. Qb1 Nb6 20. Nd2 Qf4 21.
Qb2 Ra7 22. c4 Na4 23. Qa1 b4 24. Nb1 Qxe4 25. a3 Rb7 26. axb4 Rxb4 27. Nc3
Nxc3 28. Qxc3 Rdb8 29. Qe3 Qxe3 30. fxe3 a4 31. e4 a3 32. d5 c5 33. d6 Kf8 34.
Kh2 Rb2 35. d7 Ke7 36. Rd3 Ra8 37. d8=Q+ Rxd8 38. Rxa3 Rdd2 39. Ra7+ Kf6 40.
Rf1+ Ke5 41. Rfxf7 Rxg2+ 42. Kh1 g5 43. Ra5 Rgc2 44. Kg1 Rb1+ 45. Rf1 0-1

[Event "Krapina op 7th"]
[Site "Krapina"]
[Date "2017.01.13"]
[Round "2.14"]
[White "Kostelic, Tihomir"]
[Black "Lupinski, Valentin"]
[Result "1-0"]
[WhiteElo "1720"]
[BlackElo "1553"]
[PlyCount "81"]
[EventDate "2017.01.12"]
[EventType "swiss"]
[EventRounds "7"]
[EventCountry "CRO"]
[Source "Mirjana Medic"]
[SourceDate "2017.01.13"]

1. d4 Nf6 2. Nf3 e6 3. Bf4 d5 4. e3 Nbd7 5. Bd3 c5 6. c3 cxd4 7. exd4 Qb6 8.
Qb3 Qxb3 9. axb3 a6 10. h3 b5 11. Bxb5 Bb7 12. Bd3 Be7 13. Nbd2 O-O 14. O-O Ra7
15. Ra5 Rfa8 16. Rfa1 Ne8 17. Ne5 Nxe5 18. dxe5 Bd8 19. Be3 Bxa5 20. Rxa5 Nc7
21. Bxa7 Rxa7 22. Nf3 Bc6 23. Nd4 Bd7 24. b4 Ra8 25. b5 axb5 26. Rxa8+ Nxa8 27.
Nxb5 Nb6 28. b3 h6 29. Nd6 Kf8 30. f4 Ke7 31. Kf2 Nc8 32. Nxc8+ Bxc8 33. Ke3 h5
34. h4 Kd8 35. Kd4 g6 36. Kc5 Kc7 37. Bb5 Bd7 38. Bxd7 Kxd7 39. Kb6 Kc8 40. b4
Kb8 41. b5 1-0

[Event "Krapina op 7th"]
[Site "Krapina"]
[Date "2017.01.13"]
[Round "2.15"]
[White "Kostelac, Tea"]
[Black "Franc, Borna"]
[Result "1-0"]
[WhiteElo "1333"]
[BlackElo "1660"]
[PlyCount "135"]
[EventDate "2017.01.12"]
[EventType "swiss"]
[EventRounds "7"]
[EventCountry "CRO"]
[Source "Mirjana Medic"]
[SourceDate "2017.01.13"]

1. e4 e5 2. Nf3 Nc6 3. Bc4 Bc5 4. d3 d6 5. Ng5 Nh6 6. O-O O-O 7. Nf3 Ng4 8. h3
Nf6 9. Bg5 Na5 10. Bb3 Nxb3 11. axb3 Be6 12. c3 Qe8 13. Bxf6 gxf6 14. d4 exd4
15. cxd4 Bb6 16. Nc3 Kh8 17. Na4 Rg8 18. Kh2 Rg7 19. Nxb6 cxb6 20. d5 Bd7 21.
Qd4 Qe7 22. Rfe1 Rag8 23. g3 Ra8 24. Nh4 Qe5 25. Qd2 Qg5 26. Re3 a5 27. f4 Qh6
28. Qd4 Rc8 29. Rae1 Rc5 30. Rc3 Rg8 31. Re2 Re8 32. b4 Rxc3 33. bxc3 axb4 34.
Qxb4 f5 35. Qd4+ Kg8 36. Re3 Rxe4 37. Rxe4 fxe4 38. Qxb6 Bc8 39. Qd8+ Qf8 40.
Qxf8+ Kxf8 41. g4 b5 42. Ng2 Bb7 43. Ne3 Ke7 44. g5 Bc8 45. h4 Bd7 46. f5 Kf8
47. Kg3 Kg7 48. Kf4 f6 49. Kxe4 fxg5 50. hxg5 h6 51. Kf4 hxg5+ 52. Kxg5 Kf7 53.
f6 Bh3 54. Nf5 Bg2 55. Nxd6+ Kf8 56. Nxb5 Bxd5 57. Nd6 Bc6 58. c4 Bd7 59. Kg6
Bc6 60. c5 Ba8 61. Nc4 Be4+ 62. Kg5 Bd5 63. Ne5 Bb7 64. c6 Bc8 65. c7 Be6 66.
Ng6+ Ke8 67. Ne7 Kf7 68. c8=Q 1-0

[Event "Krapina op 7th"]
[Site "Krapina"]
[Date "2017.01.13"]
[Round "2.16"]
[White "Kupek, Robert"]
[Black "Puljic, Ljubomir"]
[Result "1-0"]
[WhiteElo "1655"]
[BlackElo "1387"]
[PlyCount "75"]
[EventDate "2017.01.12"]
[EventType "swiss"]
[EventRounds "7"]
[EventCountry "CRO"]
[Source "Mirjana Medic"]
[SourceDate "2017.01.13"]

1. d4 c6 2. c4 e6 3. Nc3 Nf6 4. Nf3 Bb4 5. Bd2 Bxc3 6. Bxc3 d5 7. cxd5 exd5 8.
g3 O-O 9. Bg2 Ne4 10. O-O Nxc3 11. bxc3 Be6 12. Qc2 h6 13. Rfe1 Nd7 14. Nd2 Qf6
15. e4 Qg6 16. Qb2 b5 17. exd5 Bxd5 18. Bxd5 cxd5 19. Qxb5 Nf6 20. Qb1 Qg5 21.
Nf3 Qg4 22. Kg2 Ne4 23. Qd3 Qc8 24. Rac1 Rb8 25. c4 Nf6 26. c5 Ne4 27. Rc2 f5
28. Ne5 Ng5 29. Ng6 Kh7 30. Nxf8+ Qxf8 31. Re5 Kh8 32. Rce2 Ne4 33. f3 Nf6 34.
Qxf5 Qd8 35. Qg6 Qa5 36. Re7 Rg8 37. g4 Qa6 38. h4 1-0

[Event "Krapina op 7th"]
[Site "Krapina"]
[Date "2017.01.13"]
[Round "3.1"]
[White "Hamer, Ivan"]
[Black "Jelecevic, Ivo"]
[Result "0-1"]
[WhiteElo "1956"]
[BlackElo "2137"]
[PlyCount "76"]
[EventDate "2017.01.12"]
[EventType "swiss"]
[EventRounds "7"]
[EventCountry "CRO"]
[Source "Mirjana Medic"]
[SourceDate "2017.01.13"]

1. Nf3 c5 2. g3 Nf6 3. Bg2 Nc6 4. c4 e6 5. Nc3 d5 6. cxd5 exd5 7. d4 Be6 8. O-O
h6 9. Bf4 Rc8 10. Rc1 b6 11. Re1 Be7 12. dxc5 bxc5 13. Na4 Qa5 14. Bd2 Qb5 15.
Bf1 Ne4 16. Bc3 O-O 17. b3 Nb4 18. e3 Qb7 19. Bxb4 Qxb4 20. Ne5 Bf6 21. Nd3 Qa3
22. f3 c4 23. fxe4 cxd3 24. Rxc8 Rxc8 25. exd5 Bxd5 26. Qxd3 Be6 27. Qe2 Bf5
28. e4 Bd4+ 29. Kh1 Be6 30. Rd1 Bf6 31. Bg2 Rc1 32. Rxc1 Qxc1+ 33. Qf1 Qc2 34.
Qg1 Qxa2 35. Nc5 Bg4 36. h3 Be2 37. Qf2 Qa1+ 38. Qg1 Qxg1+ 0-1

[Event "Krapina op 7th"]
[Site "Krapina"]
[Date "2017.01.13"]
[Round "3.2"]
[White "Abramovic, Darko"]
[Black "Kozina, Zdenko"]
[Result "1-0"]
[WhiteElo "2118"]
[BlackElo "1925"]
[PlyCount "85"]
[EventDate "2017.01.12"]
[EventType "swiss"]
[EventRounds "7"]
[EventCountry "CRO"]
[Source "Mirjana Medic"]
[SourceDate "2017.01.13"]

1. d4 d5 2. Bf4 e6 3. e3 Bd6 4. Bxd6 Qxd6 5. c3 Nd7 6. f4 Ngf6 7. Nf3 Ne4 8.
Nbd2 Nxd2 9. Qxd2 Nf6 10. Bd3 b6 11. O-O Bb7 12. Rac1 a5 13. Rfe1 O-O 14. Qc2
Ba6 15. Bxa6 Rxa6 16. c4 Raa8 17. c5 bxc5 18. Qxc5 Rfb8 19. Re2 Rb7 20. Ne5 Nd7
21. Qc6 Qxc6 22. Rxc6 Nxe5 23. fxe5 Kf8 24. Rec2 Raa7 25. Kf2 a4 26. Ke2 Ke7
27. Kd3 Kd7 28. R6c5 a3 29. b3 Rxb3+ 30. axb3 a2 31. Rxc7+ Rxc7 32. Rxa2 Rb7
33. Rb2 Kc6 34. Kc3 Kb5 35. Ra2 Rc7+ 36. Kb2 f6 37. Ra8 fxe5 38. dxe5 Rf7 39.
Re8 Rf2+ 40. Kc3 Rxg2 41. Rxe6 Rxh2 42. Rd6 g5 43. e6 1-0

[Event "Krapina op 7th"]
[Site "Krapina"]
[Date "2017.01.13"]
[Round "3.4"]
[White "Starcevic, Ante Leon"]
[Black "Bockaj, Ivan"]
[Result "1/2-1/2"]
[WhiteElo "2114"]
[BlackElo "1912"]
[PlyCount "68"]
[EventDate "2017.01.12"]
[EventType "swiss"]
[EventRounds "7"]
[EventCountry "CRO"]
[Source "Mirjana Medic"]
[SourceDate "2017.01.13"]

1. c4 c6 2. e4 d5 3. exd5 cxd5 4. cxd5 Nf6 5. Bb5+ Bd7 6. Bc4 g6 7. Nf3 Qc7 8.
Qb3 Ne4 9. Nc3 Nc5 10. Qc2 Bg7 11. O-O O-O 12. d4 Nca6 13. Qe2 Bg4 14. Bxa6
Nxa6 15. Be3 Qd7 16. h3 Bxf3 17. Qxf3 Nb4 18. a3 Na6 19. Rfe1 b6 20. Rad1 Nc7
21. Bg5 Rfe8 22. Bf4 Nb5 23. Be5 Nd6 24. Bxd6 Qxd6 25. Re3 Rad8 26. Re4 a6 27.
Rde1 Rd7 28. g4 g5 29. Qf5 h6 30. Kg2 Red8 31. Qf3 Bf6 32. Qf5 Rc7 33. R1e3 Rc4
34. Rd3 b5 1/2-1/2

[Event "Krapina op 7th"]
[Site "Krapina"]
[Date "2017.01.13"]
[Round "3.5"]
[White "Takac, Zvonko"]
[Black "Zigovecki, Vladimir"]
[Result "0-1"]
[WhiteElo "2005"]
[BlackElo "1885"]
[PlyCount "56"]
[EventDate "2017.01.12"]
[EventType "swiss"]
[EventRounds "7"]
[EventCountry "CRO"]
[Source "Mirjana Medic"]
[SourceDate "2017.01.13"]

1. d4 Nf6 2. c4 e5 3. dxe5 Ng4 4. Bf4 Nc6 5. Nf3 Bb4+ 6. Nc3 Bxc3+ 7. bxc3 Qe7
8. Qd5 Qa3 9. Rc1 f6 10. exf6 Nxf6 11. Qd2 d6 12. e3 O-O 13. h3 Bf5 14. Nd4
Nxd4 15. cxd4 Ne4 16. Qd1 Qa5+ 17. Ke2 Nc3+ 18. Rxc3 Qxc3 19. Qb3 Bd3+ 20. Kd1
Qa1+ 21. Kd2 Bxf1 22. Bg3 Kh8 23. f3 a6 24. Be1 Bxg2 25. Rg1 Bxf3 26. Bf2 Bd1
27. Rxd1 Rxf2+ 28. Ke1 Qxa2 0-1

[Event "Krapina op 7th"]
[Site "Krapina"]
[Date "2017.01.13"]
[Round "3.6"]
[White "Skupnjak, Milan"]
[Black "Golub, Nikolina"]
[Result "1/2-1/2"]
[WhiteElo "1953"]
[BlackElo "1856"]
[PlyCount "69"]
[EventDate "2017.01.12"]
[EventType "swiss"]
[EventRounds "7"]
[EventCountry "CRO"]
[Source "Mirjana Medic"]
[SourceDate "2017.01.13"]

1. d4 d5 2. Nf3 Nf6 3. e3 e6 4. Nbd2 Be7 5. Be2 O-O 6. O-O c5 7. b3 cxd4 8.
exd4 Nc6 9. Bb2 Bd7 10. Bb5 Rc8 11. a3 a6 12. Bd3 Re8 13. Re1 Qc7 14. b4 b5 15.
Ne5 Bd6 16. Ndf3 h6 17. Nxc6 Bxc6 18. h3 Nd7 19. Ne5 Nb6 20. Qh5 Bf8 21. Bc1 g6
22. Qh4 Qe7 23. Qg4 h5 24. Qg3 Nc4 25. Bg5 Qc7 26. Bf6 Bg7 27. Bxg7 Kxg7 28.
Bxc4 dxc4 29. c3 Bd5 30. Re3 Qb7 31. f3 Ra8 32. Qg5 Qe7 33. Qg3 a5 34. Ree1 a4
35. h4 1/2-1/2

[Event "Krapina op 7th"]
[Site "Krapina"]
[Date "2017.01.13"]
[Round "3.7"]
[White "Kolic, Mario"]
[Black "Kostelic, Tihomir"]
[Result "1-0"]
[WhiteElo "1009"]
[BlackElo "1720"]
[PlyCount "107"]
[EventDate "2017.01.12"]
[EventType "swiss"]
[EventRounds "7"]
[EventCountry "CRO"]
[Source "Mirjana Medic"]
[SourceDate "2017.01.13"]

1. e4 c5 2. Nc3 e6 3. f4 Nc6 4. Nf3 d6 5. Bb5 Nge7 6. d3 Bd7 7. Bd2 g6 8. O-O
Bg7 9. Bxc6 Bxc6 10. e5 b6 11. Qe1 O-O 12. Ng5 d5 13. Qh4 h6 14. Nf3 Nf5 15.
Qe1 h5 16. Ng5 Qd7 17. Ne2 f6 18. Nf3 Bb7 19. Ng3 Rae8 20. exf6 Bxf6 21. Nxf5
exf5 22. Qg3 Bg7 23. Ne5 Bxe5 24. fxe5 Re6 25. Rae1 d4 26. Bg5 Qd5 27. Bf6 Kf7
28. a3 Rg8 29. Qg5 Ke8 30. Rxf5 Kd7 31. Rf2 Rge8 32. Qxg6 Qc6 33. Qf7+ Kc8 34.
Ref1 h4 35. Qg7 h3 36. Rf3 hxg2 37. Qxg2 Qb5 38. Qg4 Bxf3 39. Rxf3 Qxb2 40. Bg7
Kb7 41. Qg2 Ka6 42. Rf2 Qc1+ 43. Rf1 Qe3+ 44. Qf2 Qxf2+ 45. Rxf2 Rg8 46. Rg2
Re7 47. Bf6 Rxg2+ 48. Kxg2 Re8 49. h4 Rg8+ 50. Kf3 Rg1 51. Kf2 Rc1 52. e6 Rxc2+
53. Ke1 Rg2 54. Bg5 1-0

[Event "Krapina op 7th"]
[Site "Krapina"]
[Date "2017.01.13"]
[Round "3.8"]
[White "Svrtan, Zlatko"]
[Black "Kupek, Robert"]
[Result "1-0"]
[WhiteElo "2088"]
[BlackElo "1655"]
[PlyCount "55"]
[EventDate "2017.01.12"]
[EventType "swiss"]
[EventRounds "7"]
[EventCountry "CRO"]
[Source "Mirjana Medic"]
[SourceDate "2017.01.13"]

1. e4 c5 2. c3 d6 3. d4 cxd4 4. cxd4 Nf6 5. Nc3 g6 6. Nf3 Bg7 7. Be2 O-O 8. O-O
Nbd7 9. h3 Nb6 10. Bf4 a6 11. Rc1 Be6 12. b3 Rc8 13. Qd2 d5 14. e5 Nfd7 15. Ng5
Rc6 16. Bf3 Qc7 17. Ne2 Rc8 18. Nxe6 fxe6 19. Bg4 Qd8 20. Bg5 Qe8 21. Rxc6 Rxc6
22. Rc1 Nf8 23. Rxc6 Qxc6 24. Bxe7 h5 25. Bf3 Kh7 26. g4 Bh6 27. Bg5 hxg4 28.
Bxh6 1-0

[Event "Krapina op 7th"]
[Site "Krapina"]
[Date "2017.01.13"]
[Round "3.9"]
[White "Galoic, Boris"]
[Black "Grmovsek, Mihael"]
[Result "1-0"]
[WhiteElo "2041"]
[BlackElo "1626"]
[PlyCount "87"]
[EventDate "2017.01.12"]
[EventType "swiss"]
[EventRounds "7"]
[EventCountry "CRO"]
[Source "Mirjana Medic"]
[SourceDate "2017.01.13"]

1. d4 d6 2. Nf3 Nf6 3. c4 Bf5 4. e3 e6 5. Be2 Be7 6. Nc3 O-O 7. O-O Re8 8. Nh4
Ne4 9. Nxf5 exf5 10. Bf3 Bf6 11. Qc2 c6 12. Nxe4 fxe4 13. Bxe4 g6 14. Bf3 Nd7
15. b3 Nf8 16. Bb2 Rc8 17. Rad1 Ne6 18. g3 Ng5 19. Bg2 h5 20. h4 Nh7 21. d5 c5
22. e4 g5 23. hxg5 Bxg5 24. f4 Bf6 25. Bh3 Rc7 26. Bf5 Bxb2 27. Qxb2 f6 28. Qh2
Rg7 29. Qxh5 Ree7 30. Kg2 Qa5 31. Rf2 Qc3 32. Qf3 Qxf3+ 33. Kxf3 Nf8 34. Rh1
Kf7 35. Rfh2 Ke8 36. Rh8 a6 37. Be6 Rh7 38. R1xh7 Rxh7 39. Rxh7 Nxh7 40. Bf5
Nf8 41. e5 fxe5 42. fxe5 dxe5 43. Ke4 b5 44. Kxe5 1-0

[Event "Krapina op 7th"]
[Site "Krapina"]
[Date "2017.01.13"]
[Round "3.10"]
[White "Mlinaric, Andrija"]
[Black "Rickovic, Tomislav"]
[Result "1-0"]
[WhiteElo "1888"]
[BlackElo "1597"]
[PlyCount "41"]
[EventDate "2017.01.12"]
[EventType "swiss"]
[EventRounds "7"]
[EventCountry "CRO"]
[Source "Mirjana Medic"]
[SourceDate "2017.01.13"]

1. Nf3 d5 2. g3 Nf6 3. b3 Nbd7 4. Bb2 e6 5. Bg2 b6 6. O-O Bb7 7. d4 c5 8. Nbd2
cxd4 9. Nxd4 e5 10. N4f3 Qc7 11. e3 Bd6 12. c4 O-O 13. Rc1 Bc6 14. cxd5 Nxd5
15. Nc4 e4 16. Nd4 Bc5 17. Nxc6 Qxc6 18. Bxe4 Nxe3 19. Bxc6 Nxd1 20. Rcxd1 b5
21. Bxa8 1-0

[Event "Krapina op 7th"]
[Site "Krapina"]
[Date "2017.01.13"]
[Round "3.11"]
[White "Kralj, Kresimir"]
[Black "Kostelac, Tea"]
[Result "1-0"]
[WhiteElo "1749"]
[BlackElo "1333"]
[PlyCount "58"]
[EventDate "2017.01.12"]
[EventType "swiss"]
[EventRounds "7"]
[EventCountry "CRO"]
[Source "Mirjana Medic"]
[SourceDate "2017.01.13"]

1. c4 e5 2. Nc3 Nc6 3. g3 Bc5 4. Bg2 Nf6 5. e3 O-O 6. a3 a6 7. Nge2 d6 8. b4
Ba7 9. O-O Rb8 10. d4 exd4 11. exd4 Bg4 12. Be3 Re8 13. h3 Bh5 14. Qd2 Bg6 15.
Bg5 h6 16. Bh4 Bf5 17. Nd5 Rxe2 18. Nxf6+ Qxf6 19. Qxe2 g5 20. Bxc6 Bxh3 21.
Bg2 Bxg2 22. Kxg2 Qxd4 23. Rad1 Qf6 24. Qg4 Re8 25. Rd5 Re5 26. Rxe5 Qxe5 27.
Bxg5 hxg5 28. Qc8+ Kg7 29. Qxb7 Bd4 1-0

[Event "Krapina op 7th"]
[Site "Krapina"]
[Date "2017.01.13"]
[Round "3.13"]
[White "Kovac, Mihael"]
[Black "Trsinski, Stjepan"]
[Result "0-1"]
[WhiteElo "1687"]
[BlackElo "1824"]
[PlyCount "104"]
[EventDate "2017.01.12"]
[EventType "swiss"]
[EventRounds "7"]
[EventCountry "CRO"]
[Source "Mirjana Medic"]
[SourceDate "2017.01.13"]

1. e4 e6 2. d4 d5 3. exd5 exd5 4. Nf3 Nf6 5. Bd3 Bd6 6. O-O O-O 7. h3 Nbd7 8.
c4 dxc4 9. Bxc4 Nb6 10. Bb3 Bf5 11. Nc3 Qc8 12. Ne5 Nbd7 13. f4 c5 14. g4 Bxg4
15. Nxg4 cxd4 16. Nb5 Bc5 17. Kh2 Nxg4+ 18. Qxg4 Nf6 19. Qxc8 Raxc8 20. f5 a6
21. Na3 b5 22. Bf4 d3 23. Rad1 Rfe8 24. Rxd3 Re2+ 25. Kh1 Rxb2 26. Nc2 Bf8 27.
Ne3 Ne4 28. Ng4 Bc5 29. Bc1 Nf2+ 30. Nxf2 Rxf2 31. Rxf2 Bxf2 32. Be3 Bh4 33.
Rd7 Rc3 34. Rxf7 Rxb3 35. Rxg7+ Kxg7 36. axb3 Kf6 37. Kg2 Kxf5 38. Kf3 Be7 39.
Bb6 Bb4 40. Bd8 a5 41. Ke3 Ke5 42. Kd3 Kf4 43. h4 h5 44. Kd4 Kf3 45. Kd3 Be1
46. Bc7 a4 47. bxa4 bxa4 48. Bd8 Kg4 49. Kc2 Bxh4 50. Bc7 Bg3 51. Bd8 Be5 52.
Kb1 h4 0-1

[Event "Krapina op 7th"]
[Site "Krapina"]
[Date "2017.01.13"]
[Round "3.14"]
[White "Tretinjak, Dario"]
[Black "Frank, Vladimir"]
[Result "1-0"]
[WhiteElo "1801"]
[BlackElo "2095"]
[PlyCount "73"]
[EventDate "2017.01.12"]
[EventType "swiss"]
[EventRounds "7"]
[EventCountry "CRO"]
[Source "Mirjana Medic"]
[SourceDate "2017.01.13"]

1. d4 Nf6 2. Nf3 b6 3. c4 Bb7 4. Nc3 e6 5. a3 Be7 6. e3 d5 7. cxd5 exd5 8. Bd3
Nbd7 9. O-O O-O 10. b3 Ne4 11. Bb2 c5 12. Qc2 Ndf6 13. Ne5 cxd4 14. exd4 Rc8
15. f3 Nxc3 16. Bxc3 g6 17. Qd2 Ne8 18. Rac1 Bg5 19. f4 Be7 20. Rc2 Nd6 21. f5
Bg5 22. Qd1 Ne4 23. Bxe4 dxe4 24. Kh1 Bd5 25. Bb4 Rxc2 26. Qxc2 Qc8 27. Qf2 Re8
28. fxg6 fxg6 29. Qg3 Be7 30. Nxg6 hxg6 31. Qxg6+ Kh8 32. Qh6+ Kg8 33. Qg6+ Kh8
34. Bxe7 Rxe7 35. Qh5+ Kg7 36. Qg5+ Kh7 37. Qxe7+ 1-0

[Event "Krapina op 7th"]
[Site "Krapina"]
[Date "2017.01.13"]
[Round "3.15"]
[White "Lescan, Marijan"]
[Black "Krklec, Josip"]
[Result "1/2-1/2"]
[WhiteElo "1818"]
[BlackElo "1606"]
[PlyCount "42"]
[EventDate "2017.01.12"]
[EventType "swiss"]
[EventRounds "7"]
[EventCountry "CRO"]
[Source "Mirjana Medic"]
[SourceDate "2017.01.13"]

1. e4 e5 2. Bc4 Nf6 3. d3 Nc6 4. a3 a6 5. Nc3 Bc5 6. h3 h6 7. Nf3 d6 8. Nd5 Nd4
9. c3 Nxf3+ 10. Qxf3 Nxd5 11. Bxd5 O-O 12. Qg3 Qf6 13. O-O c6 14. Bb3 Be6 15.
Bxe6 fxe6 16. Be3 Ba7 17. Rad1 Bxe3 18. fxe3 Qe7 19. d4 Rxf1+ 20. Rxf1 exd4 21.
exd4 Rd8 1/2-1/2

[Event "Krapina op 7th"]
[Site "Krapina"]
[Date "2017.01.13"]
[Round "3.16"]
[White "Franc, Borna"]
[Black "Oreski, Zdravko"]
[Result "1-0"]
[WhiteElo "1660"]
[BlackElo "1527"]
[PlyCount "57"]
[EventDate "2017.01.12"]
[EventType "swiss"]
[EventRounds "7"]
[EventCountry "CRO"]
[Source "Mirjana Medic"]
[SourceDate "2017.01.13"]

1. e4 c5 2. Nf3 d6 3. d4 cxd4 4. Nxd4 Nf6 5. f3 a6 6. c4 e6 7. Nc3 Nc6 8. Be3
Qb6 9. Qd2 Qc7 10. Be2 Be7 11. O-O Ne5 12. b3 O-O 13. Rac1 Bd7 14. Rfd1 Rfd8
15. h3 Nc6 16. Nd5 exd5 17. cxd5 Qa5 18. dxc6 Qxd2 19. Bxd2 bxc6 20. Nxc6 Bxc6
21. Rxc6 a5 22. Rdc1 a4 23. b4 a3 24. b5 Ne8 25. b6 Rdb8 26. Be3 Rb7 27. Rc8
Rxc8 28. Rxc8 Kf8 29. Ba6 1-0

[Event "Krapina op 7th"]
[Site "Krapina"]
[Date "2017.01.13"]
[Round "3.17"]
[White "Lupinski, Valentin"]
[Black "Vincelj, Leopold"]
[Result "1-0"]
[WhiteElo "1553"]
[BlackElo "1642"]
[PlyCount "76"]
[EventDate "2017.01.12"]
[EventType "swiss"]
[EventRounds "7"]
[EventCountry "CRO"]
[Source "Mirjana Medic"]
[SourceDate "2017.01.13"]

1. d4 d5 2. Bg5 Nc6 3. e3 a6 4. Nf3 Nf6 5. Nbd2 Bf5 6. c4 h6 7. Bh4 g5 8. Bg3
Ne4 9. Nxe4 dxe4 10. Ne5 Bg7 11. Qa4 Bd7 12. Nxd7 Qxd7 13. b4 Na7 14. Qa5 c6
15. Be2 O-O 16. h3 Nc8 17. c5 e6 18. Rd1 Qe7 19. Bc4 Kh8 20. Qa3 Na7 21. Bd6
Qe8 22. Bxf8 Bxf8 23. Qb2 Qe7 24. a4 Nc8 25. Qc2 b5 26. Ba2 f5 27. a5 Kg7 28.
Qe2 Qf6 29. Bb3 Ne7 30. Qa2 Nd5 31. Bxd5 exd5 32. Qe2 Ra7 33. Kd2 Rf7 34. Rdf1
f4 35. Qg4 Qf5 36. exf4 Qxf4+ 37. Qxf4 Rxf4 38. Ke3 Be7 1-0

[Event "Krapina op 7th"]
[Site "Krapina"]
[Date "2017.01.14"]
[Round "4.1"]
[White "Jelecevic, Ivo"]
[Black "Kolic, Mario"]
[Result "1/2-1/2"]
[WhiteElo "2137"]
[BlackElo "1009"]
[PlyCount "48"]
[EventDate "2017.01.12"]
[EventType "swiss"]
[EventRounds "7"]
[EventCountry "CRO"]
[Source "Mirjana Medic"]
[SourceDate "2017.01.13"]

1. e4 c5 2. Nf3 d6 3. d4 cxd4 4. Nxd4 e6 5. Nc3 a6 6. g4 Be7 7. Be3 b5 8. Bd3
Bb7 9. Rg1 Nc6 10. Nxc6 Bxc6 11. g5 b4 12. Ne2 a5 13. Nd4 Bd7 14. Qe2 a4 15. h4
Qc7 16. f4 a3 17. b3 Qc3+ 18. Kf2 Qc7 19. Rac1 Bd8 20. Qd2 Qb7 21. Qe2 Ne7 22.
Nb5 Bxb5 23. Bxb5+ Kf8 24. Qd3 d5 1/2-1/2

[Event "Krapina op 7th"]
[Site "Krapina"]
[Date "2017.01.14"]
[Round "4.2"]
[White "Zigovecki, Vladimir"]
[Black "Abramovic, Darko"]
[Result "1-0"]
[WhiteElo "1885"]
[BlackElo "2118"]
[PlyCount "93"]
[EventDate "2017.01.12"]
[EventType "swiss"]
[EventRounds "7"]
[EventCountry "CRO"]
[Source "Mirjana Medic"]
[SourceDate "2017.01.13"]

1. d4 d5 2. Nf3 Bf5 3. c4 e6 4. Nc3 c6 5. cxd5 exd5 6. e3 Nf6 7. Bd3 Bg6 8. Ne5
Nbd7 9. Nxg6 hxg6 10. Qc2 Bd6 11. h3 Qe7 12. Bd2 O-O 13. O-O Rfe8 14. Rae1 Ne4
15. Bxe4 dxe4 16. f4 exf3 17. Rxf3 Bc7 18. Ref1 Qd6 19. Ne4 Qh2+ 20. Kf2 Rxe4
21. Qxe4 Nf6 22. Rxf6 gxf6 23. Qf3 f5 24. Ke1 Re8 25. g4 f4 26. Kd1 g5 27. Rh1
Qg3 28. Qxg3 fxg3 29. Ke2 Kg7 30. Kf3 Kg6 31. Be1 f5 32. gxf5+ Kxf5 33. Rg1 Rh8
34. e4+ Ke6 35. Bxg3 Rxh3 36. Kg4 Rh7 37. Bxc7 Rxc7 38. Rh1 Rf7 39. Rh6+ Kd7
40. Kxg5 Rf2 41. Rh7+ Kc8 42. e5 Rxb2 43. e6 Re2 44. Kf6 a5 45. Rh8+ Kc7 46. e7
Rf2+ 47. Kg5 1-0

[Event "Krapina op 7th"]
[Site "Krapina"]
[Date "2017.01.14"]
[Round "4.3"]
[White "Zelenika, Zoran"]
[Black "Skupnjak, Milan"]
[Result "1/2-1/2"]
[WhiteElo "2115"]
[BlackElo "1953"]
[PlyCount "80"]
[EventDate "2017.01.12"]
[EventType "swiss"]
[EventRounds "7"]
[EventCountry "CRO"]
[Source "Mirjana Medic"]
[SourceDate "2017.01.13"]

1. Nf3 d5 2. g3 e6 3. Bg2 c5 4. O-O Bd6 5. d4 Nc6 6. c4 dxc4 7. Qa4 Nge7 8.
dxc5 Bxc5 9. Qxc4 Qd5 10. Qa4 O-O 11. Nc3 Qh5 12. Ne4 Bb6 13. g4 Qa5 14. Qxa5
Bxa5 15. Nd6 Bc7 16. Bf4 f6 17. Nxc8 Raxc8 18. Bxc7 Rxc7 19. Rac1 Rfc8 20. Rfd1
Nd5 21. Ne1 Nf4 22. Kf1 Nxg2 23. Kxg2 Ne5 24. Rd8+ Rxd8 25. Rxc7 Rd7 26. Rxd7
Nxd7 27. Nd3 Kf7 28. f4 e5 29. f5 g5 30. Kf3 Ke7 31. Ke4 Kd6 32. b4 b5 33. Ne1
Nb6 34. Kd3 Nd5 35. a3 Nb6 36. e4 Nc4 37. Nc2 a6 38. Kc3 Kc6 39. Kd3 Kd6 40.
Kc3 Kc6 1/2-1/2